La philosophie de M. Cousin / (Record no. 21123)
[ view plain ]
| 000 -LEADER | |
|---|---|
| campo de control de longitud fija | 00466nam a2200169 i 4500 |
| 001 - NÚMERO DE CONTROL | |
| campo de control | 21123 |
| 003 - IDENTIFICADOR DE NÚMERO DE CONTROL | |
| campo de control | ES-MaACL |
| 005 - FECHA Y HORA DE LA ÚLTIMA TRANSACCIÓN | |
| campo de control | 20230906152425.0 |
| 007 - CAMPO FIJO DE DESCRIPCIÓN FÍSICA--INFORMACIÓN GENERAL | |
| campo de control de longitud fija | t| |
| 008 - DATOS DE LONGITUD FIJA--INFORMACIÓN GENERAL | |
| campo de control de longitud fija | 021121s1864 fr ||||1| fre d |
| 100 1# - ENTRADA PRINCIPAL--NOMBRE DE PERSONA | |
| Nombre de persona | Alaux, J. |
| 9 (RLIN) | 19171 |
| 245 13 - MENCIÓN DEL TÍTULO | |
| Título | La philosophie de M. Cousin / |
| Mención de responsabilidad, etc. | par J. Alaux. |
| 260 ## - PUBLICACIÓN, DISTRIBUCIÓN, ETC. | |
| Lugar de publicación, distribución, etc. | Paris, etc : |
| Nombre del editor, distribuidor, etc. | Germer Baillière, |
| Fecha de publicación, distribución, etc. | 1864 ( |
| Fabricante | E. Martinet) |
| 300 ## - DESCRIPCIÓN FÍSICA | |
| Extensión | 192 p. ; |
| Dimensiones | 18 cm. |
| 600 04 - PUNTO DE ACCESO ADICIONAL DE MATERIA--NOMBRE DE PERSONA | |
| Nombre de persona | Cousin, Victor. |
| 9 (RLIN) | 41306 |
| 852 ## - LOCALIZACIÓN | |
| Ubicación | ES-MaACL |
| Número de control de estantería | F-12186 |
| Estatus retirado | Estado de pérdida | Estado de daño | No para préstamo | Colección | Biblioteca de origen | Biblioteca actual | Ubicación en estantería | Fecha de adquisición | Fuente de adquisición | Total de préstamos | Signatura topográfica completa | Código de barras | Visto por última vez | Precio de reemplazo | Tipo de ítem Koha |
|---|---|---|---|---|---|---|---|---|---|---|---|---|---|---|---|
| Libros del s. XIX | Biblioteca del Ateneo de Madrid | Biblioteca del Ateneo de Madrid | Sala Pecera Planta 2 | 17/01/2008 | F-12186 | 1021697 | 23/02/2023 | 23/02/2023 | Libro impreso antiguo |
